000 01547cab a22003015a 4500
001 L144205
008 080703s2008 xxk f g 000 0 eng d
035 _a(Sirsi) u144205
041 0 _aeng
100 1 _aPawlowski, Mark
245 0 0 _aPaying the price for loss of light
260 _c2008
490 _aSolicitors' Journal Property Supplement
520 _aArticle discusses how damages are assessed in right to light cases, with specific reference to Forsyth-Grant v Allen (L143263). Points brought up include the fact that damages for injury to a right to light is not limited to compensation for loss of light and amenity; that the court can award a share of developer's profit derived from the infringement to a claimant and that this is not the same as an account of profits in equity entitling the claimant to the entirety of the profit earned by a wrongdoer based on a claim in restitution. Illustrates the underlying basis of an injury to right to light as a nuisance claim only.
590 _aKA
650 2 4 _aRIGHT TO LIGHT
650 2 4 _aFORSYTH-GRANT V ALLEN
650 2 4 _aSTOKE-ON-TRENT CITY COUNCIL V W & J WASS LTD
650 2 4 _aCARR-SAUNDERS V MCNEIL ASSOCIATES
650 2 4 _aOUGH V KING
650 2 4 _aWROTHAM PARK ESTATE CO V PARKSIDE HOMES LTD
650 2 4 _aBRACEWELL V APPLEBY
650 2 4 _aAMEC DEVELOPMENTS LTD V JURY'S HOTEL MANAGEMENT (UK) LTD
650 2 4 _aA-G V BLAKE
651 4 _aUnited Kingdom
_y
690 _aPROPERTY-PROPERTY MANAGEMENT-EASEMENTS-RIGHTS TO LIGHT DETERMINATION
942 _n0
999 _c80386
_d80386